Star of the week #1 / written by Caroline Adderson ... Read More
Available copies
- 1 of 1 copy available at LARL/NWRL Consortium.
- 1 of 1 copy available at Lake Agassiz Regional Library. (Show preferred library)
Current holds
0 current holds with 1 total copy.
Show Only Available Copies
| Location | Call Number / Copy Notes | Barcode | Shelving Location | Status | Due Date |
|---|---|---|---|---|---|
| Fertile Public Library | J ADD (Text) | 33500010796217 | Main | Available | - |
Record details
- ISBN: 9781554535781
- ISBN: 1554535786
- Physical Description: 127 p. : ill. ; 19 cm.
- Publisher: Toronto : Kids Can Press, c2012.
Content descriptions
| Summary, etc.: | At last, it's Jasper John Dooley's turn to be Star ... Read More |
| Target Audience Note: | For ages 7-10. |
Search for related items by subject
| Subject: | Brothers and sisters > Juvenile fiction. Families > Juvenile fiction. Schools > Juvenile fiction. Brothers and sisters > Fiction. Family life > Fiction. Schools > Fiction. |
Search for related items by series
| LDR | 02134cam a2200433 a 4500 | ||
|---|---|---|---|
| 001 | 142485 | ||
| 003 | LARL_NWRL_CONSORTIUM | ||
| 005 | 20120608091041.0 | ||
| 008 | 110708s2012 onca j 000 1 eng | ||
| 016 | . | ‡a20119047268 | |
| 020 | . | ‡a9781554535781 | |
| 020 | . | ‡a1554535786 | |
| 035 | . | ‡a(OCoLC)741399566 | |
| 055 | 0. | ‡aPS8551 D3267 ‡bJ38 2012 | |
| 055 | 0 | 0. | ‡aPS8551 D3267 ‡bS72 2012 |
| 082 | 0 | 4. | ‡ajC813/.54 ‡223 |
| 082 | 0 | 4. | ‡a813/.54 ‡223 |
| 100 | 1 | . | ‡aAdderson, Caroline, ‡d1963- |
| 245 | 1 | 0. | ‡aStar of the week ‡n#1 / ‡cwritten by Caroline Adderson ; illustrated by Ben Clanton. |
| 260 | . | ‡aToronto : ‡bKids Can Press, ‡cc2012. | |
| 300 | . | ‡a127 p. : ‡bill. ; ‡c19 cm. | |
| 490 | 0 | . | ‡aJasper John Dooley ; ‡v1 |
| 521 | 1 | . | ‡aFor ages 7-10. |
| 520 | . | ‡aAt last, it's Jasper John Dooley's turn to be Star of the Week at school. Unfortunately, nothing turns out as planned. His Show and Tell falls flat. A new baby at his friend Ori's house steals his spotlight. And worst of all, the new baby has only-child Jasper wondering if his own family is too small. When Jasper decides to build himself a brother (named Earl) out of wood, Earl's schoolyard shenanigans send Jasper to the principal's office! But with a little help from family and friends, things turn around for Jasper. And by the time Friday arrives, he is once again sure that he has what it takes to be a star. | |
| 650 | 0. | ‡aBrothers and sisters ‡vJuvenile fiction. ‡0(LARL_NWRL_CONSORTIUM)163775 | |
| 650 | 0. | ‡aFamilies ‡vJuvenile fiction. ‡0(LARL_NWRL_CONSORTIUM)164956 | |
| 650 | 0. | ‡aSchools ‡vJuvenile fiction. ‡0(LARL_NWRL_CONSORTIUM)167227 | |
| 650 | 1. | ‡aBrothers and sisters ‡vFiction. ‡0(LARL_NWRL_CONSORTIUM)163634 | |
| 650 | 1. | ‡aFamily life ‡vFiction. | |
| 650 | 1. | ‡aSchools ‡vFiction. ‡0(LARL_NWRL_CONSORTIUM)167222 | |
| 700 | 1 | . | ‡aClanton, Ben, ‡d1988- ‡0(LARL_NWRL_CONSORTIUM)220820 |
| 901 | . | ‡a142485 ‡bOCLC ‡c142485 ‡tbiblio | |

Add to basket
Permalink
Disable Highlighting